Name a Country A-Z - 30 Second Sprint - Statistics

General Stats
  • This quiz has been taken 142 times
  • The average score is 16 of 24
Answer Stats
Letter Country % Correct
A Afghanistan | Albania | Algeria | +8
97%
B Bahamas | Bahrain | Bangladesh | +14
97%
C Cambodia | Cameroon | Canada | +12
94%
E East Timor | Ecuador | Egypt | +6
91%
F F. S. Micronesia | Fiji | Finland | France
90%
G Gabon | Gambia | Georgia | +8
88%
D Denmark | DR Congo | Djibouti | +2
85%
I Iceland | India | Indonesia | +6
81%
J Jamaica | Japan | Jordan
78%
H Haiti | Honduras | Hungary
76%
M Madagascar | Malawi | Malaysia | +14
74%
K Kazakhstan | Kenya | Kiribati | +3
72%
N Namibia | Nauru | Nepal | +8
72%
L Laos | Latvia | Lebanon | +6
69%
O Oman
63%
P Pakistan | Palau | Panama | +6
59%
Q Qatar
57%
S St Kitts and Nevis | St Lucia |St Vincent and the Grenadines | +23
51%
R Rep. of the Congo | Romania | Russia | Rwanda
47%
T Taiwan | Tajikistan | Tanzania | +8
44%
U Uganda | Ukraine | United Arab Emirates | +4
43%
Z Zambia | Zimbabwe
35%
Y Yemen
32%
V Vanuatu | Vatican City | Venezuela | Vietnam
24%
No matching quizzes found
Score Distribution
Percent of People with Each Score
Percentile by Number Answered
Your Score History
You have not taken this quiz